Central Library OPAC University of Rajshahi

ভারতবর্ষীয় উপাসক-সম্প্রদায় / (Record no. 38320)

MARC details
000 -LEADER
fixed length control field 01115nam a22002777a 4500
001 - CONTROL NUMBER
control field 38320
003 - CONTROL NUMBER IDENTIFIER
rucl marc code BD-RjUL
005 - DATE AND TIME OF LATEST TRANSACTION
control field 20211209052754.0
008 - FIXED-LENGTH DATA ELEMENTS--GENERAL INFORMATION
fixed length control field 151104m20061987ii ||||| |||| 00| 0 ben d
020 ## - INTERNATIONAL STANDARD BOOK NUMBER
Terms of availability : IRs. 100.00 (V-1)
Terms of availability : IRs. 350.00 (V-2)
035 ## - SYSTEM CONTROL NUMBER
System control number (BD-RjUL)38425
040 ## - CATALOGING SOURCE
Original cataloging agency BD-RjUL
Language of cataloging ben
Transcribing agency BD-RjUL
041 ## - LANGUAGE CODE
Language code of text/sound track or separate title ben
082 ## - DEWEY DECIMAL CLASSIFICATION NUMBER
Edition number 22
Classification number 294.50954
Author mark and year DAB 1987-2006
100 ## - MAIN ENTRY--PERSONAL NAME
Personal name দত্ত, অক্ষয়কুমার
9 (RLIN) 118439
245 10 - TITLE STATEMENT
Title ভারতবর্ষীয় উপাসক-সম্প্রদায় /
Statement of responsibility, etc. অক্ষয়কুমার দত্ত ; সম্পাদক বারিদবরণ ঘোষ
250 ## - EDITION STATEMENT
Edition statement ১ম করুণা সং.
260 ## - PUBLICATION, DISTRIBUTION, ETC. (IMPRINT)
Place of publication, distribution, etc. কলকাতা :
Name of publisher, distributor, etc. করুণা প্রকাশনী,
Date of publication, distribution, etc. ১৯৮৭-২০০৬
300 ## - PHYSICAL DESCRIPTION
Pagination ২ ভাগ ;
Size ২২ সেমি.
505 0# - FORMATTED CONTENTS NOTE
Formatted contents note ভাগ ১ -- ভাগ ২
650 ## - SUBJECT ADDED ENTRY--TOPICAL TERM
Topical term or geographic name as entry element হিন্দুধর্ম
Geographic subdivision ভারত
9 (RLIN) 118440
Topical term or geographic name as entry element Hinduism
Geographic subdivision India.
9 (RLIN) 118440
700 ## - ADDED ENTRY--PERSONAL NAME
Personal name ঘোষ, বারিদবরণ
942 ## - ADDED ENTRY ELEMENTS (KOHA)
Source of classification or shelving scheme Dewey Decimal Classification
Koha item type Books
Holdings
Lost status Source of classification or shelving scheme Damaged status Not for loan Collection code Permanent Location Current Location Shelving location Date acquired Source of acquisition Cost, normal purchase price Total Checkouts Full call number Date last seen Date checked out Copy number Koha item type
  Dewey Decimal Classification     Non-fiction Central Library, University of Rajshahi Central Library, University of Rajshahi   12/07/2008 Paragon, Dhaka 450.00 2 B 294.50954 DAB V-2 2006 12/12/2015 08/11/2015 C-3 Books
  Dewey Decimal Classification     Non-fiction Central Library, University of Rajshahi Central Library, University of Rajshahi   12/07/2008 Paragon, Dhaka 450.00 1 B 294.50954 DAB V-1 2002 24/09/2016 03/09/2016 C-2 Books
  Dewey Decimal Classification     Non-fiction Central Library, University of Rajshahi Central Library, University of Rajshahi   12/07/2008 Paragon, Dhaka 450.00   B 294.50954 DAB V-2 2006 04/05/2016   C-2 Books
  Dewey Decimal Classification   Not For Loan Non-fiction Central Library, University of Rajshahi Central Library, University of Rajshahi Reading Room 12/07/2008 Paragon, Dhaka 450.00   B 294.50954 DAB V-2 2006 04/05/2016   C-1 Books
  Dewey Decimal Classification     Non-fiction Central Library, University of Rajshahi Central Library, University of Rajshahi   12/07/2008 Paragon, Dhaka 450.00   B 294.50954 DAB V-2 2006 04/05/2016   C-4 Books
  Dewey Decimal Classification   Not For Loan Non-fiction Central Library, University of Rajshahi Central Library, University of Rajshahi Reading Room 12/07/2008 Paragon, Dhaka 450.00   B 294.50954 DAB V-1 2002 04/05/2016   C-1 Books
  Dewey Decimal Classification     Non-fiction Central Library, University of Rajshahi Central Library, University of Rajshahi   12/07/2008 Paragon, Dhaka 450.00   B 294.50954 DAB V-1 2002 04/05/2016   C-3 Books
  Dewey Decimal Classification     Non-fiction Central Library, University of Rajshahi Central Library, University of Rajshahi   12/07/2008 Paragon, Dhaka 450.00   B 294.50954 DAB V-1 2002 04/05/2016   C-4 Books
  Dewey Decimal Classification     Non-fiction Central Library, University of Rajshahi Central Library, University of Rajshahi   12/07/2008 Dhaka,Paragon Enterprise Lit., 450.00 1 B 294.50954 DAB V-2 2006 12/02/2017 29/01/2017 C-5 Books